| 000 | 00520nam a22001937a 4500 | ||
|---|---|---|---|
| 003 | PILC | ||
| 005 | 20151021122722.0 | ||
| 008 | 131001t xxu||||| |||| 00| 0 eng d | ||
| 020 | _a0021222606 | ||
| 050 |
_aPE 1119 _b.An534 1975 |
||
| 082 |
_aGS 418.4 _bAn1 1975 |
||
| 100 |
_aAnastacio, Dina _94030 |
||
| 245 |
_aBeginnings / _cAnastacio, Dina |
||
| 260 |
_aNew York : _bMacmillan Publishing Co., Inc, _cc1975. |
||
| 300 |
_a175 p. : _c24 cm. _bcol. ill. ; |
||
| 942 |
_2lcc _cBK |
||
| 999 |
_c12463 _d12463 |
||